Volezn' plotnyh bazal'nyh membran

Elmentve itt :
Bibliográfiai részletek
Szerzők: Mágori Anikó
Ormos Jenő
Sonkodi Sándor
Dokumentumtípus: Cikk
Megjelent: 1980
Sorozat:Kolligátum
Kulcsszavak:Belgyógyászat, Gyomor, Gyomornyálkahártya, Emésztőrendszer
Online Access:http://misc.bibl.u-szeged.hu/26526
LEADER 00646nab a2200193 i 4500
001 misc26526
005 20191111110309.0
008 170918s1980 hu o 0|| zxx d
040 |a SZTE Miscellanea Repozitórium  |b hun 
041 |a zxx 
100 1 |a Mágori Anikó 
245 1 0 |a Volezn' plotnyh bazal'nyh membran  |h [elektronikus dokumentum] /  |c  Mágori Anikó 
260 |c 1980 
300 |a 35-46 
490 0 |a Kolligátum 
695 |a Belgyógyászat, Gyomor, Gyomornyálkahártya, Emésztőrendszer 
700 0 1 |a Ormos Jenő  |e aut 
700 0 1 |a Sonkodi Sándor  |e aut 
856 4 0 |u http://misc.bibl.u-szeged.hu/26526/1/019_008_035-046.pdf  |z Dokumentum-elérés